Pi Day Hourglass Quiz Stats

 Plays Quiz Updated Mar 14, 2020

Support Sporcle.
Go Orange.
Score 0/13 Timer 02:30
0 Plays Today
Clue Word % Correct
3.14159265Pi
99%
______ and ProperPrim
95.8%
A baked dish of fruits, vegetables or meats often covered with pastryPie
94.9%
An evergreen coniferous treePine
93.6%
Autobot Optimus ______Prime
93.5%
Famed singer/songwriter of 'Purple Rain'Prince
93%
To come to maturity, as in fruitRipen
84.9%
A small mischievous devilImp
79.3%
Head of government, in a Canadian provincePremier
78.8%
First performance in theater or cinemaPremiere
71.4%
A principal administrative division, like Sichuan or ManitobaProvince
70.5%
Relating to, or suggesting, a pig or pigsPorcine
66.6%
Group of states controlled by one rulerEmpire
53.1%

From the Vault

5-Letter Clickagrams

by slipkid

Language 90s
Can you resist the temptation to click?
Remove Ads.
Support Sporcle.
Get the best of Sporcle when you Go Orange. This ad-free experience offers more features, more stats, and more fun while also helping to support Sporcle. Thank you for becoming a member.

Show Comments

Extras

Top Quizzes Today


Score Distribution

Your Account Isn't Verified!

In order to create a playlist on Sporcle, you need to verify the email address you used during registration. Go to your Sporcle Settings to finish the process.

Report this User

Report this user for behavior that violates our Community Guidelines.

Details: